| 000 | 01590nam a2200277Ia 4500 | ||
|---|---|---|---|
| 999 |
_c35486 _d35486 |
||
| 001 | 1345 | ||
| 003 | GE_BSU | ||
| 005 | 20240118112650.0 | ||
| 008 | 181216s2011||||ge |||||||||||||| ||geo|| | ||
| 020 | _a9789941172519 | ||
| 040 | _cGE_BSU | ||
| 041 | _ageo | ||
| 080 | _a 325.2(=353.1) უ-47 | ||
| 100 |
_aურუშაძე, ლევან ზ. _921071 |
||
| 245 |
_aროგორ არ უნდა იწერებოდეს ისტორია : _b [გელა სულაძის წიგნის "ქართული ანტისაბჭოთა ემიგრაცია და სპეცსამსახურები (1918-1953 წ.წ.)" კრიტიკული განხილვა] / _cლევან ზ. ურუშაძე; [რედ. დოდონა კიზირია]. |
||
| 264 |
_aთბილისი : _bუნივერსალი, _c2011. |
||
| 300 |
_a123 გვ. ; _b19 სმ. |
||
| 504 | _a ბიბლიოგრ.: გვ. 116-120. | ||
| 520 | _a რეზ. ინგლ. | ||
| 541 | _h5 ლ. | ||
| 653 | _aქართული ემიგრაციის ისტორია | ||
| 653 | _aეროვნულ-განმათავისუფლებელი მოძრაობა საქართველოში | ||
| 653 | _a1918-1921 წლები -- საქართველოს დემოკრატიული რესპუბლიკა | ||
| 700 |
_aკიზირია, დოდონა _eრედაქტორი _915531 |
||
| 942 |
_cBK _2udc |
||